000
00445nam a22001217a 4500
040
_c
HS
082
_a
657
100
_a
SAM GHANTHY
245
_a
Financial accounting part 1
260
_a
វិទ្យាស្ថានសេដ្ឋកិច្ច និងហិរញ្ញវត្ថុនៃក្រសួងសេដ្ឋកិច្ច និងហិរញ្ញវត្ថុ
_b
SAM GHANTHY
_c
2000
300
_a
69p;
942
_c
EK
999
_c
9716
_d
9716